000 00617nam a2200169 i 4500
001 183759
003 ES-MaACL
005 20250827052202.0
008 141010s1877 xxk |||| | eng d
245 0 0 _aRound the world in three hundred and twnty days
_b: completion of superior education : voyages organized by the Society of Voyages Round the World.
260 _aLondon :
_bTrübner & Cº,
_c1877.
300 _a54 p., [3] h. pleg. ;
_c15 cm.
650 0 4 _aViajes alrededor del mundo-
_yS.XIX.
_9151090
650 7 _aViajes de estudio
_2embne
_9169472
852 _aES-MaACL
_jT-292-F-4
999 _c183759
_d183759